Services whole-life costs - escalators (Record no. 64949)
[ view plain ]
| 000 -LEADER | |
|---|---|
| fixed length control field | 00999cam a2200217 4500 |
| 001 - CONTROL NUMBER | |
| control field | ABS62964 |
| 008 - FIXED-LENGTH DATA ELEMENTS--GENERAL INFORMATION | |
| fixed length control field | 000000n2000 000 0 eng u |
| 035 ## - SYSTEM CONTROL NUMBER | |
| System control number | (Sirsi) u108793 |
| 100 ## - MAIN ENTRY--PERSONAL NAME | |
| Personal name | Cassidy, T. |
| 245 ## - TITLE STATEMENT | |
| Title | Services whole-life costs - escalators |
| 260 ## - PUBLICATION, DISTRIBUTION, ETC. | |
| Date of publication, distribution, etc. | 2000 |
| 490 ## - SERIES STATEMENT | |
| Series statement | Building |
| Volume/sequential designation | 265(8154) 68-71(4) |
| 520 ## - SUMMARY, ETC. | |
| Summary, etc. | Looks at the dilemna of whether to refurbish or replace escalators. Considers the whole-life costs for three alternative ways of dealing with some 10-year old escalators. Suggests that refurbishment is the cheapest alternative if the escalator's age and capacity does not preclude it. Alternatively, escalator replacement may be the only option if architectural layout and capacity are the major influences on choice. Graph. |
| 590 ## - LOCAL NOTE (RLIN) | |
| Local note | ABS |
| 650 ## - SUBJECT ADDED ENTRY--TOPICAL TERM | |
| Topical term or geographic name entry element | ESCALATORS |
| 650 ## - SUBJECT ADDED ENTRY--TOPICAL TERM | |
| Topical term or geographic name entry element | WHOLE-LIFE COSTS |
| 650 ## - SUBJECT ADDED ENTRY--TOPICAL TERM | |
| Topical term or geographic name entry element | BUILT ENVIRONMENT-BUILDING MAINTENANCE AND REFURBISHMENT |
| 650 ## - SUBJECT ADDED ENTRY--TOPICAL TERM | |
| Topical term or geographic name entry element | ENGINEERING SERVICES |
| 690 ## - LOCAL SUBJECT ADDED ENTRY--TOPICAL TERM (OCLC, RLIN) | |
| Topical term or geographic name as entry element | Refurbishment |
| 9 (RLIN) | 6264 |
| 942 ## - ADDED ENTRY ELEMENTS (KOHA) | |
| Suppress in OPAC | 0 |
| Withdrawn status | Lost status | Source of classification or shelving scheme | Damaged status | Not for loan | Home library | Current library | Shelving location | Date acquired | Total Checkouts | Barcode | Date last seen | Copy number | Price effective from | Koha item type |
|---|---|---|---|---|---|---|---|---|---|---|---|---|---|---|
| Dewey Decimal Classification | London | London | Journal article | 16/10/2000 | 108793-1001 | 06/08/2019 | 1 | 06/08/2019 | Journal article |